000 00638nam a2200217 a 4500
003 BD-DhJNU
005 20250427062435.0
008 110328s1985 bg a g 000 0 eng d
040 _aBD-DhJNU
_bENG
_cBD-DhJNU
_dBD-DhJNU
082 0 4 _a305.4 HUS
_223
100 1 _aHussain, Shahanara
245 1 4 _aThe social life of women in early medieval Bengal /
_cShahanara Hussain
250 _a1st ed.
260 _aDhaka :
_bAsitic Society of Bangladesh,
_c1985.
300 _aiv, 156 p. :
_bill. ;
_c24 cm.
504 _aIncludes index.
520 0 _aSocial science
650 1 7 _aSociocultural systems
651 4 _aBangladesh
942 _cBK
999 _c1622
_d1622